000 00549cam a2200157 4500500
005 20260201095238.0
041 _afre
042 _adc
100 1 0 _aBoltanski, Luc
_eauthor
245 0 0 _aPasser des épreuves
260 _c2005.
500 _a82
520 _aResumé Dans nos attentes, nous passons tous des épreuves. Le rôle des politiques est de leur donner forme.
786 0 _nRevue Projet | 289 | 6 | 2005-06-01 | p. 72-75 | 0033-0884
856 4 1 _uhttps://shs.cairn.info/revue-projet-2005-6-page-72?lang=fr&redirect-ssocas=7080
999 _c1640828
_d1640828